Mortgages in Europe

Uložené v:
Podrobná bibliografia
Hlavný autor: Múčková, Viktória
Médium: Kniha
Jazyk:English
Vydavateľské údaje: Bratislava Institute of Monetary and Financial Studies of the NBS 2000
Predmet:
Tagy: Pridať tag
Žiadne tagy, Buďte prvý, kto otaguje tento záznam!

MARC

LEADER 00000nam a2200000 4500
001 c124623
005 20221221083021.3
041 0 |a eng 
044 |a SK 
245 1 0 |a Mortgages in Europe  |c Viktória Múčková 
264 1 |a Bratislava  |b Institute of Monetary and Financial Studies of the NBS  |c 2000 
300 |a 54 s. 
610 2 0 |a hypotéky 
610 2 0 |a úver hypotekárny 
610 2 0 |a trh hypotekárny 
610 2 0 |a pôžičky 
610 2 0 |a náklady transakčné 
610 2 0 |a veritelia 
610 2 0 |a produkty 
610 2 0 |a riziko 
610 2 0 |a obchod 
610 2 0 |a právo medzinárodné 
610 2 0 |a listy záložné 
610 2 0 |a Európa 
610 2 0 |a Európska únia 
610 2 0 |a Dánsko 
610 2 0 |a Nemecko 
610 2 0 |a NBS Bratislava 
100 1 |a Múčková, Viktória